00552nam a2200181Ia 4500008004100000020001800041041000800059082001800067100001800085245002700103250000600130260006000136300000800196365001300204942001200217999001900229952012200248140306s9999 xx 000 0 und d a9788125940562 aeng a651.7bMAD/BU aMadhukar, R.K aBusiness Communication a2 aNew DelhibVikas Publishing House Private Limitedc2010 a427 bRs.295/- 2ddccBK c188125d188125 00102ddc4070aKAUCBVbKAUCBVd2011-07-07g295.00l2o651.7 MAD/BUr2018-09-03 00:00:00s2018-07-30w2014-03-22yBK